=LDR 00000nam 2200000 4500 =001 NUTBA000000000000834 =005 20140403100424.0 =006 =007 =008 =020 ##$$a 0-471-12238-6 =035 ##$$a 0010-041400000000104 =040 ##$$a Ind =082 ##$$a 513 =090 ##$$a 513$bJul t =100 ##$$a Julius, Edward h. =245 ##$$a Trik dan tip berhitung yang lebih cepat$b 30 hari untuk penguasaan angka$cEdward h. Julius. =250 ##$$a Cet.3 =260 ##$$a Bandung$bPakar raya$c2005. =300 ##$$a Xi,216 Hlm$bIlus$c25 cm. =850 ##$$a NBPNMAT =990 ##$$a 20605009 =990 ##$$a 92534/BPAP-NTB/2014 =990 ##$$a 20615009